MARC

LEADER 00000nas a2200000 a 4500
001 ssj0006235
003 WaSeSS
005 20200512172242.0
006 m d
007 cr n
008 020425c19769999ilubx pss 0 a0eng c
010 |a  2004238096 
022 |a 1945-4538  |l 0024-2586  |y 0024-2586 
024 7 |a Z684  |2 LC class 
035 |a (WaSeSS)ssj0006235 
037 |b American Library Association, 50 East Huron St., Chicago, IL 60611-2795 
040 |a OUN  |b eng  |c OUN  |d OCLCQ  |d IUL  |d OCLCQ  |d NSD  |d INU  |d DLC  |d OCLCQ  |d OCLCF  |d VT2  |d OCLCQ  |d REC  |d WaSeSS 
042 |a pcc  |a nsdp 
050 1 4 |a Z684  |b .L75 
082 1 0 |a 022  |2 14 
130 0 |a Library technology reports (Online) 
222 0 |a Library technology reports  |b (Online) 
245 1 0 |a Library technology reports  |h [electronic resource]. 
260 |a Chicago :  |b American Library Association 
310 |a 8 issues a year,  |b 2008- 
321 |a Bimonthly,  |b 1976-2007 
362 1 |a Print began with v. 12 in 1976. 
506 |a License restrictions may limit access. 
538 |a Mode of access: World Wide Web. 
550 |a Issued by: ALA TechSource, <2004-> 
580 |a Continues the vol. numbering of the supplementary material to: Library Technology Program (American Library Association). Library technology reports. 
588 |a Description based on: Vol. 38, no. 2 (Mar. 2002); title from title screen. 
588 |a Latest issue consulted: Vol. 44, 6 (Aug./Sept. 2008) (viewed 17 Sept. 2008). 
650 0 |a Library fittings and supplies  |v Periodicals. 
650 0 |a Libraries  |x Automation  |v Periodicals. 
650 0 |a Libraries  |x Technological innovations  |v Periodicals. 
650 7 |a Libraries  |x Automation.  |2 fast  |0 (OCoLC)fst00997347 
650 7 |a Libraries  |x Technological innovations.  |2 fast  |0 (OCoLC)fst00997481 
650 7 |a Library fittings and supplies.  |2 fast  |0 (OCoLC)fst00997763 
655 0 |a Electronic journals. 
710 2 |a American Library Association. 
710 2 |a ALA TechSource. 
776 0 8 |i Print version:  |t Library technology reports  |x 0024-2586  |w (DLC) 77644312  |w (OCoLC)2910540 
780 1 0 |a Library Technology Program (American Library Association).  |t Library technology reports 
853 2 0 |8 1  |a v.  |b no.  |u 6  |v r  |i (year)  |j (month/month)  |w b 
856 4 0 |z Full text available from Research Library: 03/01/1998 to 12/31/2000  |u https://search.proquest.com/publication/37743 
856 4 0 |z Full text available from Research Library: 02/29/2004 to present  |u https://search.proquest.com/publication/37743 
863 4 1 |8 1.1  |a <38>  |b <6>  |i <2002>  |j <11/12>